Carregant...
BSAVA manual of canine and feline oncology
| Autors principals: | , |
|---|---|
| Format: | Printed Book |
| Idioma: | Undetermined |
| Publicat: |
BSAVA
2011
Gloucester |
| Edició: | 3 |
| Matèries: |
| LEADER | 00742nam a2200265Ia 4500 | ||
|---|---|---|---|
| 008 | 141122s9999 xx 000 0 und d | ||
| 020 | |a 9781905319213 | ||
| 040 | |c . | ||
| 041 | |a English | ||
| 082 | |a 616.994 | ||
| 082 | |b DOB/BS | ||
| 100 | |a Duncan X Lascelles | ||
| 100 | |a Jane M Dobson | ||
| 245 | |a BSAVA manual of canine and feline oncology | ||
| 245 | |c Jane M Dobson | ||
| 250 | |a 3 | ||
| 260 | |b BSAVA | ||
| 260 | |b Gloucester | ||
| 260 | |c 2011 | ||
| 300 | |a 364 Pages | ||
| 500 | |a General (J) | ||
| 650 | |a Veterinary Medicine | ||
| 942 | |c BK | ||
| 999 | |c 4100 |d 4100 | ||
| 952 | |0 0 |1 0 |2 ddc |4 0 |6 616_994000000000000_DOBBS |7 0 |9 4059 |a COVAS |b COVAS |d 0000-00-00 |l 18 |m 10 |o 616.994 DOB/BS |p 19874 |r 2020-02-03 |s 2020-01-27 |w 2014-11-26 |y BK | ||